[Event "VIII Open Vallee d'Aoste A"]
[Site "Saint Vincent - Chatillon ITA"]
[Date "2000.02.12"]
[Round "1"]
[White "Castaldo, Folco"]
[Black "Romanishin, Oleg M."]
[Result "0-1"]
[WhiteElo "2242"]
[BlackElo "2578"]
[PlyCount "76"]
[EventDate "2000.02.12"]

1. e4 c5 2. c3 Qa5 3. b4 cxb4 4. cxb4 Qxb4 5. Nc3 Nc6 6. Nf3 e6 7. Rb1 Qa5 8.
Bc4 a6 9. a4 Nf6 10. Qe2 Be7 11. O-O d5 12. exd5 exd5 13. Bd3 O-O 14. Re1 Re8
15. Qd1 h6 16. h3 Rb8 17. Bb2 Bd7 18. Rc1 Bf8 19. Rxe8 Rxe8 20. Bb1 Qb6 21. Qc2
Nb4 22. Qd1 d4 23. Ne2 d3 24. Ned4 Nbd5 25. Bc3 Ba3 26. a5 Qd6 27. Bxd3 Bxc1
28. Qxc1 Qc7 29. Qb2 Nxc3 30. dxc3 Ne4 31. c4 Nc5 32. Bf5 Rd8 33. Bxd7 Rxd7 34.
g3 Qxa5 35. Nf5 Ne6 36. Ne5 Qe1+ 37. Kg2 Rd2 38. Ne7+ Kh7 0-1

[Event "VIII Open Vallee d'Aoste A"]
[Site "Saint Vincent - Chatillon ITA"]
[Date "2000.02.12"]
[Round "1"]
[White "Ciampi, Vincenzo"]
[Black "Franco Ocampos, Zenon"]
[Result "0-1"]
[WhiteElo "2146"]
[BlackElo "2511"]
[PlyCount "126"]
[EventDate "2000.02.12"]

1. d4 Nf6 2. Nf3 c5 3. d5 g6 4. Nc3 Bg7 5. e4 d6 6. h3 O-O 7. Be2 Na6 8. O-O
Nc7 9. a4 a6 10. Bf4 b6 11. Re1 Bb7 12. Bc4 Qd7 13. Qd3 Rad8 14. Rad1 Nh5 15.
Bh2 Bxc3 16. Qxc3 Qxa4 17. e5 Qd7 18. Qd2 b5 19. Qh6 f6 20. Bd3 Bxd5 21. Nh4 f5
22. Bxf5 gxf5 23. Qxh5 Rf7 24. Rxd5 Nxd5 25. e6 Qe8 26. exf7+ Qxf7 27. Qxf7+
Kxf7 28. Nxf5 Rd7 29. c3 a5 30. Rd1 Nb6 31. b3 a4 32. bxa4 Nxa4 33. Rd3 d5 34.
Nh6+ Ke8 35. Rg3 Rb7 36. Rg5 Nxc3 37. Ng4 b4 38. Ne5 Kf8 39. Rf5+ Kg7 40. Nd3
c4 41. Be5+ Kg6 42. Rf3 cxd3 43. Rxd3 d4 44. Bxd4 Ne2+ 45. Kf1 Nxd4 46. Rxd4 b3
47. Rd1 Kf5 48. Ke2 e5 49. Ke3 b2 50. Rb1 e4 51. Kd2 Kf4 52. Kc2 Rg7 53. Rxb2
Rxg2 54. Kd1 Kf3 55. Rb7 Rxf2 56. Rf7+ Ke3 57. Rxh7 Rf1+ 58. Kc2 Ke2 59. Rg7 e3
60. Kc3 Rc1+ 61. Kd4 Kd2 62. Ke4 e2 63. Rg2 Rh1 0-1

[Event "VIII Open Vallee d'Aoste A"]
[Site "Saint Vincent - Chatillon ITA"]
[Date "2000.02.12"]
[Round "1"]
[White "Flear, Glenn Curtis"]
[Black "Ciuffoletti, Paolo"]
[Result "1-0"]
[WhiteElo "2519"]
[BlackElo "2168"]
[PlyCount "81"]
[EventDate "2000.02.12"]

1. d4 g6 2. c4 Bg7 3. e4 d6 4. Nc3 Nc6 5. Be3 e5 6. Nge2 exd4 7. Nxd4 Nge7 8.
h4 Ne5 9. f3 h5 10. Qd2 Be6 11. Nxe6 fxe6 12. Be2 N7c6 13. O-O-O Qe7 14. f4 Nf7
15. Bf3 O-O-O 16. Qc2 Nb4 17. Qa4 Bxc3 18. bxc3 Na6 19. e5 c5 20. Rd2 Rd7 21.
Rhd1 Rhd8 22. g3 dxe5 23. Rxd7 Rxd7 24. Rxd7 Qxd7 25. Qxd7+ Kxd7 26. Bxb7 exf4
27. gxf4 Nc7 28. Bxc5 e5 29. fxe5 Nxe5 30. Bxa7 Ne6 31. Bd4 Nxc4 32. Be4 g5 33.
hxg5 Nxg5 34. Bg6 h4 35. Bf6 Nf3 36. Bf5+ Kd6 37. a4 Ne3 38. Be4 Ke6 39. Bxf3
Kxf6 40. a5 Nc4 41. a6 1-0

[Event "VIII Open Vallee d'Aoste A"]
[Site "Saint Vincent - Chatillon ITA"]
[Date "2000.02.12"]
[Round "1"]
[White "Friedrich, Norbert"]
[Black "Tiviakov, Sergei"]
[Result "1/2-1/2"]
[WhiteElo "2241"]
[BlackElo "2567"]
[PlyCount "48"]
[EventDate "2000.02.12"]

1. e4 c5 2. Nf3 d6 3. d4 cxd4 4. Nxd4 Nf6 5. Nc3 g6 6. Be2 Bg7 7. O-O Nc6 8.
Be3 O-O 9. Qd2 Ng4 10. Bxg4 Bxg4 11. Nxc6 bxc6 12. Bh6 Bxh6 13. Qxh6 Be6 14.
Rfe1 Qb6 15. b3 Qd4 16. Na4 f6 17. Rad1 Qe5 18. f4 Qa5 19. f5 gxf5 20. exf5
Qxf5 21. Rd3 Kh8 22. Rf3 Qd5 23. Rd3 Qf5 24. Rf3 Qd5 1/2-1/2

[Event "VIII Open Vallee d'Aoste A"]
[Site "Saint Vincent - Chatillon ITA"]
[Date "2000.02.12"]
[Round "1"]
[White "Galkin, Alexander"]
[Black "Yeuillaz, Corrado"]
[Result "1-0"]
[WhiteElo "2563"]
[BlackElo "2237"]
[PlyCount "43"]
[EventDate "2000.02.12"]

1. e4 e6 2. d4 d5 3. Nc3 Nf6 4. Bg5 dxe4 5. Nxe4 Nbd7 6. Nf3 Be7 7. Nxf6+ Bxf6
8. h4 O-O 9. Bd3 Re8 10. Qe2 c5 11. dxc5 Qa5+ 12. c3 Qxc5 13. O-O-O a6 14. Bc2
Qe7 15. Qe4 g6 16. Ba4 Bxg5+ 17. hxg5 f5 18. gxf6 Nxf6 19. Qe5 Bd7 20. Bb3 Bc6
21. Ng5 Bd5 22. Nxh7 1-0

[Event "VIII Open Vallee d'Aoste A"]
[Site "Saint Vincent - Chatillon ITA"]
[Date "2000.02.12"]
[Round "1"]
[White "Komarov, Dimitri"]
[Black "Tocchioni, Doriano"]
[Result "1-0"]
[WhiteElo "2568"]
[BlackElo "2242"]
[PlyCount "71"]
[EventDate "2000.02.12"]

1. d4 Nf6 2. Nf3 g6 3. c4 Bg7 4. Nc3 d5 5. cxd5 Nxd5 6. e4 Nxc3 7. bxc3 c5 8.
Rb1 cxd4 9. cxd4 Qa5+ 10. Bd2 Qxa2 11. Qc1 O-O 12. Bc4 Qa4 13. Bb5 Qa2 14. h3
Qe6 15. Qc2 Qd6 16. d5 Na6 17. O-O Bd7 18. Be3 Bxb5 19. Rxb5 Rfc8 20. Qa2 Nb4
21. Qa4 Nc2 22. Bd2 b6 23. Rb3 Rc7 24. Rd3 Qd7 25. Qb3 a5 26. Qxb6 a4 27. d6
exd6 28. Rxd6 Qc8 29. Qb1 a3 30. Qa2 Qb7 31. e5 Bf8 32. Rf6 Qe4 33. Rf4 Qc6 34.
Ng5 Raa7 35. e6 fxe6 36. Nxe6 1-0

[Event "VIII Open Vallee d'Aoste A"]
[Site "Saint Vincent - Chatillon ITA"]
[Date "2000.02.12"]
[Round "1"]
[White "Luciani, Valerio"]
[Black "Timoscenko, Gennadij A."]
[Result "0-1"]
[WhiteElo "2156"]
[BlackElo "2519"]
[PlyCount "68"]
[EventDate "2000.02.12"]

1. e4 c5 2. Nc3 e6 3. g3 Nc6 4. Bg2 g6 5. d3 Bg7 6. Be3 b6 7. Nge2 Nge7 8. Qd2
h5 9. f4 d5 10. Bf2 d4 11. Nb1 e5 12. a4 f6 13. Na3 Be6 14. b3 Qd7 15. Nc4 Rb8
16. O-O O-O 17. Be1 Nb4 18. Kh1 Bh6 19. Qc1 Nec6 20. Bd2 a6 21. fxe5 Bxd2 22.
Qxd2 b5 23. axb5 axb5 24. Na3 Nxe5 25. Nf4 Kg7 26. h3 Bg8 27. Kh2 Nbc6 28. Rac1
Qd6 29. Nb1 Ne7 30. Qe2 Ra8 31. Nd2 Ra2 32. Nf3 Bxb3 33. Nxe5 Qxe5 34. Qf3 Rxc2
0-1

[Event "VIII Open Vallee d'Aoste A"]
[Site "Saint Vincent - Chatillon ITA"]
[Date "2000.02.12"]
[Round "1"]
[White "Martorelli, Antonio"]
[Black "Baburin, Alexander E."]
[Result "0-1"]
[WhiteElo "2271"]
[BlackElo "2591"]
[PlyCount "82"]
[EventDate "2000.02.12"]

1. e4 Nf6 2. Nc3 d5 3. e5 Nfd7 4. Nf3 e6 5. d4 c5 6. Bb5 Nc6 7. O-O cxd4 8.
Nxd4 Qc7 9. Re1 a6 10. Bxc6 bxc6 11. Bf4 Nb6 12. Qg4 c5 13. Nb3 h6 14. a4 Bb7
15. Na5 Nc8 16. Nxb7 Qxb7 17. Rad1 Ne7 18. a5 Qxb2 19. Qf3 Qxc2 20. Rd2 Qf5 21.
g4 Qg6 22. Rb1 h5 23. h3 hxg4 24. hxg4 Rh4 25. Bg3 Rxg4 26. Rdb2 Nc6 27. Rb6
Nb4 28. R1xb4 Rxb4 29. Nxd5 Qb1+ 30. Kg2 exd5 31. Rxb4 Qxb4 32. Qxd5 Rd8 33.
Qc6+ Rd7 34. Qc8+ Ke7 35. Kh3 Qb5 36. Bh4+ f6 37. e6 Kxe6 38. Qxf8 Qd3+ 39. Bg3
c4 40. Qe8+ Kf5 41. Qh5+ g5 0-1

[Event "VIII Open Vallee d'Aoste A"]
[Site "Saint Vincent - Chatillon ITA"]
[Date "2000.02.12"]
[Round "1"]
[White "Miladinovic, Igor"]
[Black "Piccardo, Marco"]
[Result "1-0"]
[WhiteElo "2538"]
[BlackElo "2200"]
[PlyCount "71"]
[EventDate "2000.02.12"]

1. d4 f5 2. Nf3 Nf6 3. Bf4 e6 4. e3 d5 5. c4 Bd6 6. Ne5 c6 7. Nc3 O-O 8. Bd3
Ne4 9. h4 Nd7 10. Bxe4 Bxe5 11. Bxd5 exd5 12. dxe5 dxc4 13. Qd6 Nb6 14. O-O-O
Qxd6 15. Rxd6 Re8 16. Rhd1 Be6 17. e4 fxe4 18. Nxe4 Nd5 19. Bh2 Bf5 20. Rd4 b5
21. Nc5 h5 22. Kd2 Rac8 23. a3 a5 24. f3 b4 25. axb4 axb4 26. Rxc4 Ra8 27. g4
hxg4 28. fxg4 Bh7 29. e6 Rf8 30. Bg1 Ra1 31. Bd4 Rh1 32. Nd3 Rxh4 33. Be5 Rh3
34. Nf4 Rh2+ 35. Ne2 Rg2 36. Rcxc6 1-0

[Event "VIII Open Vallee d'Aoste A"]
[Site "Saint Vincent - Chatillon ITA"]
[Date "2000.02.12"]
[Round "1"]
[White "Novikov, Igor A."]
[Black "Calzetta Ruiz, Monica"]
[Result "1-0"]
[WhiteElo "2596"]
[BlackElo "2267"]
[PlyCount "61"]
[EventDate "2000.02.12"]

1. d4 Nf6 2. c4 c5 3. d5 b5 4. cxb5 a6 5. e3 g6 6. Nc3 Bg7 7. a4 O-O 8. Bc4
axb5 9. Nxb5 Ba6 10. Ne2 d6 11. Nec3 Nbd7 12. O-O Nb6 13. Be2 Qd7 14. e4 Rfb8
15. Bg5 Nxe4 16. Nxe4 Bxb2 17. Ra2 Bg7 18. Nec3 Qb7 19. Qd2 Bxc3 20. Nxc3 Bxe2
21. Qxe2 Nxd5 22. Nxd5 Qxd5 23. Bh6 e5 24. a5 Rb4 25. Rd1 Rd4 26. Rxd4 exd4 27.
a6 c4 28. a7 c3 29. Ra1 d3 30. Rb1 f6 31. Rb8+ 1-0

[Event "VIII Open Vallee d'Aoste A"]
[Site "Saint Vincent - Chatillon ITA"]
[Date "2000.02.12"]
[Round "1"]
[White "Ranieri, Fabrizio"]
[Black "Chatalbashev, Boris"]
[Result "0-1"]
[WhiteElo "2170"]
[BlackElo "2522"]
[PlyCount "52"]
[EventDate "2000.02.12"]

1. e4 g6 2. d4 Bg7 3. Nf3 c5 4. Nc3 cxd4 5. Nxd4 Nc6 6. Be3 Nf6 7. Bc4 Qa5 8.
O-O O-O 9. Bb3 d6 10. f3 Bd7 11. Qd2 Rac8 12. Nxc6 bxc6 13. Rab1 Qc7 14. Bh6
Rb8 15. Bxg7 Kxg7 16. Kh1 c5 17. Bc4 Bc6 18. Rfd1 Rfd8 19. Bd5 Be8 20. Bc4 e6
21. Qe2 Bc6 22. Bb5 Ba8 23. Re1 d5 24. exd5 exd5 25. Ba4 Qa5 26. Qe5 d4 0-1

[Event "VIII Open Vallee d'Aoste A"]
[Site "Saint Vincent - Chatillon ITA"]
[Date "2000.02.12"]
[Round "1"]
[White "Razuvaev, Yuri S."]
[Black "Pantaleoni, Claudio"]
[Result "1-0"]
[WhiteElo "2548"]
[BlackElo "2203"]
[PlyCount "145"]
[EventDate "2000.02.12"]

1. d4 Nf6 2. Nf3 e6 3. g3 b5 4. Bg2 Bb7 5. O-O c5 6. c3 Qb6 7. dxc5 Bxc5 8. b4
Be7 9. a4 a6 10. Qd4 Qxd4 11. Nxd4 Bxg2 12. Kxg2 bxa4 13. Rxa4 Nd5 14. e4 Nb6
15. Ra2 O-O 16. Nd2 Rc8 17. Bb2 Bf6 18. Ne2 Ra7 19. Rfa1 Rac7 20. f4 d6 21. Kf3
g6 22. Ra3 Kf8 23. Rb3 h6 24. Ra5 N6d7 25. Ke3 Be7 26. Kd3 Bd8 27. Ra1 Bf6 28.
Nd4 Be7 29. Nc2 Nb6 30. Ne3 h5 31. c4 N6d7 32. Ke2 Rb7 33. Bc3 Bd8 34. Rab1 Bb6
35. Nc2 f6 36. Bb2 Rbc7 37. Ra3 Ke7 38. Rb3 Ba7 39. Rc3 Nb6 40. Ne3 N6d7 41.
Ba3 Bd4 42. Bb2 Bxc3 43. Bxc3 Rb7 44. Nc2 Rb6 45. Bd4 Rbc6 46. Ne3 f5 47. Kd3
Rd8 48. exf5 gxf5 49. Bc3 Nf6 50. Nf3 Nbd7 51. Re1 Ne4 52. Nd4 Ne5+ 53. Kc2 Rc7
54. fxe5 dxe5 55. Nf3 Nxc3 56. Kxc3 Kf6 57. Nxe5 h4 58. Nd3 hxg3 59. hxg3 Rg7
60. Nf4 Rh8 61. Nf1 Rh1 62. Rxe6+ Kf7 63. Ne3 Rxg3 64. Kd4 Rh4 65. Ned5 Rxf4+
66. Nxf4 Rg4 67. Rxa6 Rxf4+ 68. Kd5 Re4 69. b5 Re2 70. b6 f4 71. b7 Rb2 72. Kc6
f3 73. Ra3 1-0

[Event "VIII Open Vallee d'Aoste A"]
[Site "Saint Vincent - Chatillon ITA"]
[Date "2000.02.12"]
[Round "1"]
[White "Scavo, Fernando"]
[Black "Nevednichy, Vladislav"]
[Result "0-1"]
[WhiteElo "2259"]
[BlackElo "2589"]
[PlyCount "70"]
[EventDate "2000.02.12"]

1. e4 c5 2. c3 d5 3. exd5 Qxd5 4. d4 g6 5. Be3 cxd4 6. cxd4 Nf6 7. Nc3 Qa5 8.
Bc4 Bg7 9. Nf3 O-O 10. O-O Bg4 11. h3 Bxf3 12. Qxf3 Nc6 13. Bb3 Qb4 14. Rad1
Rad8 15. d5 Na5 16. Rd4 Qd6 17. Ba4 a6 18. Bf4 Qc5 19. Rfd1 Nc4 20. b4 Qc8 21.
Bb3 Nd6 22. Na4 Nh5 23. Bxd6 exd6 24. Rc4 Qb8 25. Nc3 Nf6 26. Rf4 Nd7 27. Ne4
h6 28. Qd3 Qc7 29. h4 Ne5 30. Qd2 h5 31. Ng5 Bh6 32. Qd4 Qe7 33. Re4 Bxg5 34.
hxg5 Qxg5 35. Kf1 Ng4 0-1

[Event "VIII Open Vallee d'Aoste A"]
[Site "Saint Vincent - Chatillon ITA"]
[Date "2000.02.12"]
[Round "1"]
[White "Valenti, Giuseppe"]
[Black "Vera Gonzalez-Quevedo, Reynaldo"]
[Result "0-1"]
[WhiteElo "2202"]
[BlackElo "2546"]
[PlyCount "76"]
[EventDate "2000.02.12"]

1. e4 c5 2. Nf3 d6 3. d4 cxd4 4. Nxd4 Nf6 5. Nc3 a6 6. Be2 e6 7. O-O Be7 8. Be3
Qc7 9. f4 O-O 10. Qe1 b5 11. e5 dxe5 12. fxe5 Nfd7 13. Bf3 Bb7 14. Qg3 Kh8 15.
Bxb7 Qxb7 16. Rad1 b4 17. Na4 Nc6 18. Nxc6 Qxc6 19. Rxd7 Qxd7 20. Nb6 Qc6 21.
Nxa8 Qxa8 22. Qf3 Qb8 23. Qe4 Kg8 24. Rd1 Qb5 25. Rd3 Rc8 26. Rd2 h6 27. h3 Bf8
28. Bf2 g6 29. Bh4 Rc4 30. Qe1 Qc6 31. Rd8 Rxc2 32. Qg3 Qc5+ 33. Kh2 Rc1 34.
Qf4 g5 35. Bxg5 Qg1+ 36. Kg3 Rc2 37. Qe4 Qf2+ 38. Kh2 hxg5 0-1

[Event "VIII Open Vallee d'Aoste A"]
[Site "Saint Vincent - Chatillon ITA"]
[Date "2000.02.12"]
[Round "1"]
[White "Wagman, Stuart"]
[Black "Efimov, Igor"]
[Result "1/2-1/2"]
[WhiteElo "2188"]
[BlackElo "2537"]
[PlyCount "95"]
[EventDate "2000.02.12"]

1. e4 c5 2. Nf3 d6 3. d4 cxd4 4. Nxd4 Nf6 5. Nc3 Bd7 6. Be2 Bc6 7. O-O Nbd7 8.
Re1 e6 9. Bf1 Be7 10. f4 O-O 11. e5 Ne8 12. Kh1 g6 13. Nxc6 bxc6 14. Na4 Nb6
15. Nxb6 axb6 16. c4 dxe5 17. fxe5 Bb4 18. Bh6 Bxe1 19. Qxd8 Rxd8 20. Bxf8 Kxf8
21. Rxe1 Rd2 22. Re2 Rd1 23. Kg1 Ng7 24. Kf2 Nf5 25. Re1 Rd2+ 26. Re2 Rd4 27.
b3 c5 28. g3 h5 29. Bg2 h4 30. Be4 hxg3+ 31. hxg3 Nh6 32. Bf3 Ke7 33. Re1 Rd2+
34. Re2 Rd7 35. g4 Rd4 36. Kg3 f5 37. exf6+ Kxf6 38. g5+ Kxg5 39. Rxe6 Nf5+ 40.
Kf2 Rf4 41. Re5 Kf6 42. Re4 Rxe4 43. Bxe4 Ke5 44. Bxf5 Kxf5 45. Ke3 g5 46. a3
Kg4 47. Kf2 Kf4 48. b4 1/2-1/2

[Event "VIII Open Vallee d'Aoste A"]
[Site "Saint Vincent - Chatillon ITA"]
[Date "2000.02.12"]
[Round "1"]
[White "Yakovich, Yuri"]
[Black "Cocchi, Andrea"]
[Result "1-0"]
[WhiteElo "2585"]
[BlackElo "2250"]
[PlyCount "67"]
[EventDate "2000.02.12"]

1. d4 Nf6 2. c4 c6 3. Nc3 d5 4. e3 g6 5. Nf3 Bg7 6. Be2 O-O 7. O-O Bf5 8. cxd5
cxd5 9. Qb3 Bc8 10. Ne5 Nc6 11. Nxc6 bxc6 12. Bd2 Qd6 13. Qa4 Bd7 14. Qa5 e5
15. dxe5 Qxe5 16. Rac1 Rfe8 17. Rfe1 Ng4 18. Bxg4 Bxg4 19. Na4 Re6 20. Nc5 Re7
21. Bc3 Qg5 22. f4 Qh4 23. Bxg7 Kxg7 24. Qc3+ f6 25. Nb3 Bd7 26. Nd4 Re4 27.
Qa5 Kh6 28. Qd2 Rb8 29. b3 Rc8 30. Rc5 Rce8 31. Rcc1 Rc8 32. b4 Qg4 33. Qe2
Qxe2 34. Rxe2 1-0

[Event "VIII Open Vallee d'Aoste A"]
[Site "Saint Vincent - Chatillon ITA"]
[Date "2000.02.13"]
[Round "2"]
[White "Aldrovandi, Costantino"]
[Black "Naumkin, Igor"]
[Result "1/2-1/2"]
[WhiteElo "2328"]
[BlackElo "2498"]
[PlyCount "49"]
[EventDate "2000.02.12"]

1. c4 e5 2. b3 Nf6 3. Bb2 Nc6 4. a3 d5 5. cxd5 Nxd5 6. e3 Be7 7. d3 O-O 8. Nf3
Bf6 9. Qc2 g5 10. Be2 g4 11. Nfd2 Bg7 12. Nc3 Nxc3 13. Bxc3 Re8 14. Bb2 a5 15.
O-O Bf5 16. Rac1 Qh4 17. Rfd1 Rad8 18. Qb1 Rd6 19. Nf1 Bc8 20. b4 axb4 21. axb4
Rf6 22. Ng3 Rh6 23. Nf1 Rf6 24. Ng3 Rh6 25. Nf1 1/2-1/2

[Event "VIII Open Vallee d'Aoste A"]
[Site "Saint Vincent - Chatillon ITA"]
[Date "2000.02.13"]
[Round "2"]
[White "Baburin, Alexander E."]
[Black "Braga, Fernando Alberto"]
[Result "1/2-1/2"]
[WhiteElo "2591"]
[BlackElo "2449"]
[PlyCount "69"]
[EventDate "2000.02.12"]

1. d4 Nf6 2. c4 g6 3. Nf3 Bg7 4. g3 O-O 5. Bg2 c6 6. Nc3 d5 7. cxd5 cxd5 8. Ne5
e6 9. O-O Nfd7 10. f4 Nc6 11. Kh1 f6 12. Nf3 Nb6 13. b3 Bd7 14. a4 f5 15. Ba3
Re8 16. Ne5 Nc8 17. g4 N8e7 18. e3 Rc8 19. Nb5 Nxe5 20. fxe5 Bxb5 21. axb5 fxg4
22. Bxe7 Qxe7 23. Qxg4 Rf8 24. Rxf8+ Rxf8 25. Bh3 Re8 26. e4 Qd7 27. Rxa7 Qxb5
28. exd5 Qxd5+ 29. Bg2 Qxb3 30. Rxb7 Qc2 31. h4 Bh6 32. h5 Qc1+ 33. Kh2 Bf4+
34. Kh3 g5 35. Rb8 1/2-1/2

[Event "VIII Open Vallee d'Aoste A"]
[Site "Saint Vincent - Chatillon ITA"]
[Date "2000.02.13"]
[Round "2"]
[White "Belotti, Bruno"]
[Black "Yakovich, Yuri"]
[Result "1/2-1/2"]
[WhiteElo "2424"]
[BlackElo "2585"]
[PlyCount "74"]
[EventDate "2000.02.12"]

1. e4 c5 2. Nf3 Nc6 3. d4 cxd4 4. Nxd4 Qc7 5. Nc3 e6 6. f4 Nxd4 7. Qxd4 a6 8.
Be3 b5 9. O-O-O Bb7 10. Be2 Rc8 11. Rd2 Nf6 12. Bf3 Be7 13. g4 Bc5 14. Qxc5
Qxc5 15. Bxc5 Rxc5 16. Rhd1 h6 17. Bg2 Rc7 18. e5 b4 19. Na4 Bxg2 20. Rxg2 Nd5
21. Rd4 Ke7 22. Re2 Rc6 23. f5 Rhc8 24. b3 a5 25. h4 Nc3 26. Nxc3 Rxc3 27. Rf4
R3c5 28. Kb2 R8c7 29. f6+ gxf6 30. Rxf6 Rxe5 31. Ref2 d5 32. Rxf7+ Kd6 33. Rxc7
Kxc7 34. Rf6 h5 35. g5 Re4 36. Rh6 Rxh4 37. Rxe6 Rg4 1/2-1/2

[Event "VIII Open Vallee d'Aoste A"]
[Site "Saint Vincent - Chatillon ITA"]
[Date "2000.02.13"]
[Round "2"]
[White "Borgo, Giulio"]
[Black "Zelcic, Robert"]
[Result "1-0"]
[WhiteElo "2382"]
[BlackElo "2529"]
[PlyCount "79"]
[EventDate "2000.02.12"]

1. e4 c6 2. d4 d5 3. Nd2 dxe4 4. Nxe4 Bf5 5. Ng3 Bg6 6. h4 h6 7. Nh3 Nf6 8. Nf4
Bh7 9. Bc4 Nd5 10. c3 e6 11. Qe2 Be7 12. Ngh5 g6 13. Ng7+ Kd7 14. Ngxe6 fxe6
15. Qxe6+ Ke8 16. Nxd5 cxd5 17. Bxd5 Nc6 18. Bxh6 Bg8 19. Qxg6+ Kd7 20. Qg4+
Kc7 21. Bf4+ Kb6 22. Bxg8 Rxg8 23. Qe6 Re8 24. Qb3+ Ka6 25. Qc4+ Kb6 26. Qb3+
Ka6 27. Qc4+ Kb6 28. O-O-O Bd6 29. Bg5 Qd7 30. d5 Na5 31. Be3+ Rxe3 32. Qd4+
Bc5 33. Qf6+ Kb5 34. fxe3 Rf8 35. Qg6 Rf5 36. Qg4 Nc4 37. a4+ Kb6 38. Qxc4
Bxe3+ 39. Kb1 a6 40. Rhe1 1-0

[Event "VIII Open Vallee d'Aoste A"]
[Site "Saint Vincent - Chatillon ITA"]
[Date "2000.02.13"]
[Round "2"]
[White "Calzetta Ruiz, Monica"]
[Black "Frank, Albert"]
[Result "1-0"]
[WhiteElo "2267"]
[BlackElo "2029"]
[PlyCount "35"]
[EventDate "2000.02.12"]

1. e4 b6 2. d4 e6 3. Nf3 Bb7 4. Bd3 d6 5. O-O Nd7 6. Re1 h6 7. Nbd2 Ne7 8. c3
a6 9. a4 g6 10. Nc4 Bg7 11. Bf4 Qb8 12. Qd2 g5 13. Bg3 Nf8 14. e5 Bxf3 15. exd6
Nc8 16. dxc7 Qb7 17. gxf3 b5 18. Be4 1-0

[Event "VIII Open Vallee d'Aoste A"]
[Site "Saint Vincent - Chatillon ITA"]
[Date "2000.02.13"]
[Round "2"]
[White "Cebalo, Miso"]
[Black "Wagman, Stuart"]
[Result "1-0"]
[WhiteElo "2537"]
[BlackElo "2188"]
[PlyCount "39"]
[EventDate "2000.02.12"]

1. d4 d5 2. Nf3 Nf6 3. c4 c6 4. Nc3 e6 5. Bg5 h6 6. Bxf6 Qxf6 7. e3 Nd7 8. a3
g6 9. Bd3 Bg7 10. O-O O-O 11. Qc2 Kh8 12. Rfe1 b6 13. cxd5 cxd5 14. Nb5 e5 15.
Nc7 e4 16. Nxa8 exd3 17. Qc7 g5 18. Red1 Re8 19. Qxa7 g4 20. Ne1 1-0

[Event "VIII Open Vallee d'Aoste A"]
[Site "Saint Vincent - Chatillon ITA"]
[Date "2000.02.13"]
[Round "2"]
[White "Chatalbashev, Boris"]
[Black "Sarno, Spartaco"]
[Result "1-0"]
[WhiteElo "2522"]
[BlackElo "2391"]
[PlyCount "85"]
[EventDate "2000.02.12"]

1. d4 g6 2. c4 Nf6 3. Nc3 d5 4. Nf3 Bg7 5. Bg5 Ne4 6. cxd5 Nxg5 7. Nxg5 c6 8.
dxc6 Nxc6 9. d5 Ne5 10. e3 O-O 11. Be2 e6 12. Nge4 exd5 13. Qxd5 Qb6 14. Qb3
Qa5 15. O-O Be6 16. Qxb7 Rab8 17. Qe7 Rxb2 18. Rac1 Nc6 19. Qh4 h6 20. a4 Rb4
21. Bb5 Ne5 22. Qe7 Rb3 23. Ne2 Qb4 24. Qxb4 Rxb4 25. Nc5 Bc4 26. Bxc4 Nxc4 27.
Nf4 Nb2 28. Nd5 Rc4 29. Rxc4 Nxc4 30. Rc1 Nb2 31. a5 Rd8 32. Ne7+ Kf8 33. Nc6
Ra8 34. a6 Ke8 35. Kf1 Bf8 36. Ne4 Bg7 37. Nd6+ Kd7 38. Nxf7 Nd3 39. Rd1 Kxc6
40. Rxd3 Kb5 41. Rd6 Rf8 42. Nd8 Rf6 43. Ne6 1-0

[Event "VIII Open Vallee d'Aoste A"]
[Site "Saint Vincent - Chatillon ITA"]
[Date "2000.02.13"]
[Round "2"]
[White "Ciuffoletti, Paolo"]
[Black "Trotto, Pierangelo"]
[Result "1-0"]
[WhiteElo "2168"]
[BlackElo "1803"]
[PlyCount "41"]
[EventDate "2000.02.12"]

1. e4 c5 2. d4 cxd4 3. c3 d5 4. exd5 Qxd5 5. cxd4 Nc6 6. Nf3 Bg4 7. Nc3 Bxf3 8.
gxf3 Qxd4 9. Qxd4 Nxd4 10. Nb5 Nc2+ 11. Kd1 Nxa1 12. Nc7+ Kd8 13. Nxa8 g6 14.
Be3 Bh6 15. Bxa7 Nf6 16. Be3 Bxe3 17. fxe3 Kd7 18. Nb6+ Kc6 19. Nc4 Ra8 20. Na3
Nd5 21. Kd2 1-0

[Event "VIII Open Vallee d'Aoste A"]
[Site "Saint Vincent - Chatillon ITA"]
[Date "2000.02.13"]
[Round "2"]
[White "Davies, Nigel R."]
[Black "Estremera Panos, Sergio"]
[Result "1-0"]
[WhiteElo "2497"]
[BlackElo "2353"]
[PlyCount "67"]
[EventDate "2000.02.12"]

1. c4 Nf6 2. g3 e5 3. Bg2 c6 4. d4 exd4 5. Qxd4 d5 6. Nf3 dxc4 7. Qxd8+ Kxd8 8.
Nbd2 Nbd7 9. Nxc4 Bb4+ 10. Bd2 Bxd2+ 11. Nfxd2 Nb6 12. Na5 Re8 13. Rc1 Nbd5 14.
a3 Kc7 15. e3 Bd7 16. O-O Rad8 17. Ndb3 Bc8 18. Nd4 a6 19. Rfd1 Ne7 20. b4 Bd7
21. a4 Nf5 22. b5 Nxd4 23. Rxd4 axb5 24. axb5 Be6 25. Rb4 Nd5 26. Rb2 Ra8 27.
Nb3 Kd8 28. Nd4 Ke7 29. bxc6 bxc6 30. Rb7+ Kf6 31. e4 Nc3 32. f4 Na2 33. Rxc6
Red8 34. e5+ 1-0

[Event "VIII Open Vallee d'Aoste A"]
[Site "Saint Vincent - Chatillon ITA"]
[Date "2000.02.13"]
[Round "2"]
[White "De La Villa Garcia, Jesus Maria"]
[Black "Dorfman, Iossif D."]
[Result "1/2-1/2"]
[WhiteElo "2460"]
[BlackElo "2593"]
[PlyCount "52"]
[EventDate "2000.02.12"]

1. e4 e5 2. Nf3 Nf6 3. Nc3 d6 4. g3 g6 5. d4 Nbd7 6. Bg2 Bg7 7. O-O O-O 8. b3
Re8 9. Bb2 c6 10. a4 exd4 11. Nxd4 a5 12. Qd2 Qb6 13. Rad1 Nc5 14. Rfe1 Bg4 15.
Rb1 Rad8 16. h3 Bc8 17. Kh2 Re7 18. Rbd1 Rde8 19. f3 h5 20. Nde2 Rd7 21. Nf4
Nh7 22. h4 Rdd8 23. Ba1 Qb4 24. Qe3 Qb6 25. Qd2 Qb4 26. Qe3 Qb6 1/2-1/2

[Event "VIII Open Vallee d'Aoste A"]
[Site "Saint Vincent - Chatillon ITA"]
[Date "2000.02.13"]
[Round "2"]
[White "Lanzani, Mario"]
[Black "Komarov, Dimitri"]
[Result "0-1"]
[WhiteElo "2417"]
[BlackElo "2568"]
[PlyCount "78"]
[EventDate "2000.02.12"]

1. d4 d5 2. c4 c6 3. Nf3 Nf6 4. Nc3 dxc4 5. e4 b5 6. e5 Nd5 7. a4 e6 8. axb5
Nxc3 9. bxc3 cxb5 10. Ng5 Bb7 11. Be2 Be7 12. Bf3 Bd5 13. Bxd5 Qxd5 14. O-O
Bxg5 15. Bxg5 O-O 16. f4 Nc6 17. Qg4 Kh8 18. f5 f6 19. Bh4 exf5 20. Qxf5 b4 21.
exf6 Qxf5 22. Rxf5 bxc3 23. Rc5 Nxd4 24. Rxc4 Nb5 25. Rf1 Kg8 26. Rc5 a6 27. g4
Rfc8 28. Rh5 Ra7 29. fxg7 Rxg7 30. h3 c2 31. Bg5 Nd4 32. Bc1 Ne2+ 33. Kf2 Rf7+
34. Rf5 Rxf5+ 35. gxf5 Nxc1 36. Rxc1 Kf7 37. Ke3 Kf6 38. Kd2 h5 39. h4 a5 0-1

[Event "VIII Open Vallee d'Aoste A"]
[Site "Saint Vincent - Chatillon ITA"]
[Date "2000.02.13"]
[Round "2"]
[White "Lipinsky, Fabian"]
[Black "Godena, Michele"]
[Result "0-1"]
[WhiteElo "2313"]
[BlackElo "2487"]
[PlyCount "50"]
[EventDate "2000.02.12"]

1. d4 d5 2. c4 c6 3. Nf3 Nf6 4. Nc3 e6 5. Bg5 h6 6. Bh4 dxc4 7. e4 g5 8. Bg3 b5
9. Be2 Nh5 10. Be5 Rg8 11. Nxg5 Qxg5 12. Bxh5 Qxg2 13. Ke2 b4 14. Bf3 Qg5 15.
h4 Qd8 16. Na4 Nd7 17. Bf4 Ba6 18. Kf1 Qa5 19. Be2 e5 20. dxe5 Nxe5 21. Bxe5
Qxe5 22. Qc2 Rd8 23. Re1 Qf4 24. Rd1 Rxd1+ 25. Bxd1 b3 0-1

[Event "VIII Open Vallee d'Aoste A"]
[Site "Saint Vincent - Chatillon ITA"]
[Date "2000.02.13"]
[Round "2"]
[White "Livecchi, Dario"]
[Black "Valenti, Giuseppe"]
[Result "1-0"]
[WhiteElo "1974"]
[BlackElo "2202"]
[PlyCount "53"]
[EventDate "2000.02.12"]

1. e4 c5 2. Nf3 e6 3. d4 cxd4 4. Nxd4 Nf6 5. Nc3 d6 6. Bc4 Nc6 7. Be3 Be7 8.
Qe2 a6 9. O-O-O Qc7 10. Bb3 Na5 11. g4 b5 12. g5 Nxb3+ 13. axb3 Nd7 14. Nf5
exf5 15. Nd5 Qd8 16. exf5 Bb7 17. f6 Bxd5 18. fxg7 Rg8 19. Rxd5 Rxg7 20. f4 Kf8
21. Bd4 Rg6 22. h4 Qa5 23. Kb1 Re8 24. Bc3 Qc7 25. Qh5 Rc8 26. Qxh7 Nb6 27. Rf5
1-0